Rómska populácia na Slovensku a kohortná plodnosť rómskych žien podľa výsledkov sčítania obyvateľov, domov a bytov 2011

Základná charakteristika osôb rómskej národnosti. Vývoj kohortnej plodnosti a štruktúry žien podľa parity. Konečná plodnosť žien rómskej národnosti a ostatných žien Slovenska. Štruktúra žien rómskej národnosti a ostatných žien Slovenska podľa počtu narodených detí. Plodnosť žien rómskej národnosti p...

Descrizione completa

Salvato in:
Dettagli Bibliografici
Autore principale: Šprocha, Branislav
Natura: Capitolo di libro
Lingua:slovacco
Soggetti:
Tags: Aggiungi Tag
Nessun Tag, puoi essere il primo ad aggiungerne!!

MARC

LEADER 00000naa a2200000 4500
001 0254323
005 20190528104221.3
041 0 |a slo 
044 |a CZ 
245 1 0 |a Rómska populácia na Slovensku a kohortná plodnosť rómskych žien podľa výsledkov sčítania obyvateľov, domov a bytov 2011  |c Branislav Šprocha 
520 |a Základná charakteristika osôb rómskej národnosti. Vývoj kohortnej plodnosti a štruktúry žien podľa parity. Konečná plodnosť žien rómskej národnosti a ostatných žien Slovenska. Štruktúra žien rómskej národnosti a ostatných žien Slovenska podľa počtu narodených detí. Plodnosť žien rómskej národnosti podľa ekonomickej aktivity. Plodnosť žien rómskej národnosti podľa veku a vybraných charakteristík miesta bydliska. 
610 2 0 |a populácia 
610 2 0 |a demografia 
610 2 0 |a Rómovia 
610 2 0 |a ženy 
610 2 0 |a deti 
610 2 0 |a plodnosť 
610 2 0 |a sčítanie ľudu 
610 2 0 |a Slovensko 
100 1 |a Šprocha, Branislav